| Tag |
First Indicator |
Second Indicator |
Subfields |
| LEADER |
00000cam a2200000Ma 4500 |
| 001 |
in00002782429 |
| 006 |
m o d |
| 007 |
cr |n| |
| 008 |
121202s2013 nyua ob 001 0 eng d |
| 005 |
20250816205848.1 |
| 020 |
|
|
|a 1136278419 (electronic bk.)
|
| 020 |
|
|
|a 9781136278419 (electronic bk.)
|
| 020 |
|
|
|z 9780415536523 (hardback : alk. paper)
|
| 020 |
|
|
|z 0415536529 (hardback : alk. paper)
|
| 020 |
|
|
|z 9780203111376 (ebook)
|
| 020 |
|
|
|z 0203111370 (ebook)
|
| 035 |
|
|
|a (NhCcYBP)ebr10630901
|
| 040 |
|
|
|a NhCcYBP
|c NhCcYBP
|d UtOrBLW
|
| 050 |
|
4 |
|a HD2746.5
|b .M433 2013
|
| 082 |
0 |
4 |
|a 338.8/3
|2 23
|
| 245 |
0 |
0 |
|a Mergers and acquisitions :
|b the critical role of stakeholders /
|c edited by Helén Anderson, Virpi Havila and Fredrik Nilsson.
|
| 264 |
|
1 |
|a New York :
|b Routledge,
|c 2013.
|
| 300 |
|
|
|a 1 online resource.
|
| 336 |
|
|
|a text
|b txt
|2 rdacontent
|
| 337 |
|
|
|a computer
|b c
|2 rdamedia
|
| 338 |
|
|
|a online resource
|b cr
|2 rdacarrier
|
| 490 |
1 |
|
|a Routledge advances in management and business studies ;
|v 52
|
| 504 |
|
|
|a Includes bibliographical references and index.
|
| 588 |
|
|
|a Description based on print version record.
|
| 500 |
|
|
|a Electronic resource.
|
| 650 |
|
0 |
|a Consolidation and merger of corporations.
|
| 650 |
|
0 |
|a Social responsibility of business.
|
| 655 |
|
7 |
|a Electronic books.
|2 local
|
| 700 |
1 |
|
|a Anderson, Helen.
|
| 700 |
1 |
|
|a Havila, Virpi.
|
| 700 |
1 |
|
|a Nilsson, Fredrik.
|
| 710 |
2 |
|
|a ebrary, Inc.
|
| 776 |
1 |
8 |
|c Original
|z 9780415536523
|z 0415536529
|z 9780203111376
|z 0203111370
|w (DLC) 2012013085
|
| 830 |
|
0 |
|a Routledge advances in management and business studies ;
|v 52.
|
| 856 |
4 |
0 |
|u https://ebookcentral.proquest.com/lib/tamucs/detail.action?docID=1074985
|y Connect to the full text of this electronic book
|t 0
|
| 955 |
|
|
|a YBP purchased DDA e-records
|
| 980 |
|
|
|b 168.75
|g 1
|
| 987 |
|
|
|a ybp9938212
|
| 999 |
f |
f |
|s 9da0bbe4-9988-3aa8-b279-251fb670f26a
|i d65941a1-a97a-31b7-a5e9-421919249cd4
|t 0
|
| 999 |
|
|
|a MARS
|
| 952 |
f |
f |
|a Texas A&M University
|b College Station
|c Electronic Resources
|d Available Online
|t 0
|e HD2746.5 .M433 2013
|h Library of Congress classification
|
| 998 |
f |
f |
|a HD2746.5 .M433 2013
|t 0
|l Available Online
|